00557 2200169 4500245013700000020002200137250001100159100001900170650002100189650001000210005001900220260009700239041001400336084000800350300002000358336000900378 aRaja Ampatb : Sehimpun Catatan Perjalanan dan Puisi dari Pulau Terluar Republik IndonesiacRama Prambudhi p Pengarang UtamahText a978-602-437-360-3 aCet. 1 aRama Prambudhi aSastra Indonesia aEbook a20241031090504 aJakartabBadan Pengembangan dan Pembinaan Bahasa Kementerian Pendidikan dan Kebudayaanc2017 aIndonesia a813 a189 hlm. :cPDF atext